[Event "40th Olympiad Open"]
[Site "Istanbul TUR"]
[Date "2012.08.31"]
[Round "4.78"]
[Board "1"]
[White "Obodchuk, Andrei"]
[Black "Ssegwanyi, Arthur"]
[Result "0-1"]
[WhiteTitle "IM"]
[WhiteElo "2399"]
[BlackElo "2178"]
[WhiteTeam "IPCA"]
[BlackTeam "Uganda"]
[WhiteFideId "4114310"]
[BlackFideId "10000100"]
[EventDate "2012.08.28"]

1. Nf3 Nf6 2. c4 e6 3. g3 d5 4. Bg2 Be7 5. O-O O-O 6. d4 b6 7. Nc3 Bb7 8. Ne5
Qc8 9. cxd5 Nxd5 10. Nxd5 Bxd5 11. e4 Bb7 12. Qa4 b5 13. Qc2 c5 14. d5 Bd6 15.
Nf3 exd5 16. exd5 Nd7 17. Nh4 Re8 18. Nf5 Bf8 19. Bf4 Qd8 20. h4 h6 21. a4 a6
22. Rad1 Qf6 23. d6 Bxg2 24. Kxg2 c4 25. Ne3 Nb6 26. a5 Na4 27. Nd5 Qxb2 28.
Qxb2 Nxb2 29. Nc7 Nxd1 30. Rxd1 c3 31. Nxa8 Rxa8 32. d7 Rd8 33. Rd3 Bb4 34. Bc7
c2 35. Bxd8 c1=Q 36. Rd4 Qc6+ 37. Kh2 Bd6 38. Bb6 Qxd7 39. Bc5 Qc7 40. Bxd6 Qxa5
41. Bc5 Qc7 42. Rd5 a5 43. Bd4 b4 44. Be5 Qb6 45. Bd4 Qa6 46. Rd8+ Kh7 47. Rd7
Qc4 0-1

[Event "40th Olympiad Open"]
[Site "Istanbul TUR"]
[Date "2012.08.31"]
[Round "4.78"]
[Board "2"]
[White "Kawuma, Patrick"]
[Black "Valenta, Vit"]
[Result "1-0"]
[WhiteTitle "CM"]
[WhiteElo "2209"]
[BlackElo "2162"]
[WhiteTeam "Uganda"]
[BlackTeam "IPCA"]
[WhiteFideId "10000127"]
[BlackFideId "307440"]
[EventDate "2012.08.28"]

1. c4 e5 2. g3 g6 3. Bg2 Bg7 4. Nc3 Ne7 5. e4 O-O 6. Nge2 Nbc6 7. d3 d6 8. O-O
f5 9. Be3 Be6 10. Nd5 Qd7 11. Qd2 Rf7 12. Rae1 Raf8 13. f3 a5 14. b3 b6 15. a3
Nd4 16. Nxd4 exd4 17. Bg5 Nc6 18. Nf4 fxe4 19. Nxe6 e3 20. Nxf8 Rxf8 21. Qc1 h6
22. Bxe3 dxe3 23. Rxe3 Bd4 24. Kh1 Bxe3 25. Qxe3 Kh7 26. Re1 Rf7 27. f4 Re7 28.
Be4 Kg7 29. d4 d5 30. cxd5 Nd8 31. Qd3 Qe8 32. Re2 Nf7 33. Bf3 Rxe2 34. Qxe2
Qxe2 35. Bxe2 Nd6 36. Bd3 Kf6 37. Kg2 h5 38. Kf3 Nf7 39. h3 Nd6 40. Ke3 Nc8 41.
Kf3 Nd6 42. g4 hxg4+ 43. Kxg4 Nf7 44. h4 Nh6+ 45. Kg3 Nf7 46. Kf3 Nh6 47. f5 g5
48. hxg5+ Kxg5 49. d6 c6 50. Bc4 Kf6 51. Be6 c5 52. dxc5 bxc5 53. a4 c4 54. bxc4 1-0

[Event "40th Olympiad Open"]
[Site "Istanbul TUR"]
[Date "2012.08.31"]
[Round "4.78"]
[Board "4"]
[White "Emojong, Elijah"]
[Black "Bernardi, Ruben"]
[Result "0-1"]
[WhiteTitle "FM"]
[WhiteElo "2147"]
[BlackElo "2121"]
[WhiteTeam "Uganda"]
[BlackTeam "IPCA"]
[WhiteFideId "10000402"]
[BlackFideId "804428"]
[EventDate "2012.08.28"]

1. d4 Nf6 2. c4 c5 3. d5 b5 4. cxb5 a6 5. bxa6 g6 6. Nc3 Bxa6 7. g3 d6 8. e4
Bxf1 9. Kxf1 Nbd7 10. Nf3 Bg7 11. Kg2 O-O 12. Qe2 Ra7 13. Bf4 Ng4 14. a4 Qa8 15.
h3 Nge5 16. Nd2 Nb6 17. Ra3 f5 18. Rha1 fxe4 19. Qxe4 e6 20. dxe6 d5 21. Qe2
Nbc4 22. Nb5 Re7 23. Nxc4 Nxc4 24. Rb3 Qc6 25. Re1 h6 26. h4 Rf6 27. Qd3 Na5 28.
Rc3 d4+ 29. Qf3 dxc3 0-1

[Event "40th Olympiad Open"]
[Site "Istanbul TUR"]
[Date "2012.09.01"]
[Round "5.20"]
[Board "2"]
[White "Ipatov, Alexander"]
[Black "Pasku, Llambi"]
[Result "1-0"]
[WhiteTitle "GM"]
[WhiteElo "2577"]
[BlackElo "2061"]
[WhiteTeam "Turkey"]
[BlackTeam "Albania"]
[WhiteFideId "14116731"]
[BlackFideId "4700570"]
[EventDate "2012.08.28"]

1. c4 Nf6 2. g3 g6 3. Bg2 Bg7 4. Nc3 d6 5. d4 O-O 6. e3 Nc6 7. Nge2 e5 8. b3 Re8
9. O-O Bf5 10. d5 Ne7 11. e4 Bc8 12. Rb1 Nd7 13. b4 a5 14. a3 b6 15. h3 f5 16.
exf5 gxf5 17. Nb5 Ng6 18. Rb3 axb4 19. axb4 Ba6 20. Qc2 Rf8 21. f4 Bxb5 22. cxb5
exf4 23. Nxf4 Nxf4 24. Bxf4 Ra7 25. Bd2 Ne5 26. Rxf5 Qd7 27. Rxf8+ Bxf8 28. Re3
Bg7 29. Kh2 Ra8 30. Rc3 Rc8 31. Bf4 Qxb5 32. Rxc7 Rxc7 33. Qxc7 Qxb4 34. Qc8+
Kf7 35. Qe6+ Kf8 36. Bg5 Ng6 37. h4 h6 38. Bd8 Nf4 39. Qe7+ Kg8 40. Qe8+ Bf8 1-0

[Event "40th Olympiad Open"]
[Site "Istanbul TUR"]
[Date "2012.09.01"]
[Round "5.21"]
[Board "1"]
[White "Ssegwanyi, Arthur"]
[Black "Leon Hoyos, Manuel"]
[Result "0-1"]
[BlackTitle "GM"]
[WhiteElo "2178"]
[BlackElo "2579"]
[WhiteTeam "Uganda"]
[BlackTeam "Mexico"]
[WhiteFideId "10000100"]
[BlackFideId "5105269"]
[EventDate "2012.08.28"]

1. e4 c5 2. Nf3 Nc6 3. d4 cxd4 4. Nxd4 Nf6 5. Nc3 d6 6. Bg5 e6 7. Qd2 a6 8.
O-O-O Bd7 9. f4 Be7 10. Be2 h6 11. Bxf6 Bxf6 12. Nf3 Be7 13. h4 Qa5 14. Bc4
O-O-O 15. Kb1 Kb8 16. g4 Rc8 17. Bb3 Qb4 18. a3 Qc5 19. Na4 Qa7 20. g5 hxg5 21.
hxg5 b5 22. Nc3 Qc5 23. Na2 Qb6 24. Nc1 Na5 25. Nd4 g6 26. Rh2 Nb7 27. Rdh1 Rxh2
28. Rxh2 Nc5 29. Qe2 e5 30. fxe5 dxe5 31. Nf3 Nxb3 32. Nxb3 Be6 33. Rh7 a5 34.
Nxe5 a4 35. Nc1 Bxg5 36. Ned3 Qg1 37. Qf3 Rc7 38. Rh8+ Rc8 39. Rh7 Qe3 40. Qh1
Bd8 41. Nb4 Bb6 42. Qf1 Qg5 43. Qd3 Bc4 44. Qd6+ Kb7 45. e5 Qf5 46. Nbd3 Be3 47.
Rh2 Qf1 48. Rh7 Rc6 49. Qf8 Bxc1 50. Nxc1 Bb3 51. Rh2 Bxc2+ 52. Rxc2 Qf5 53. Nd3
Qxd3 54. Qxf7+ Ka6 55. Qf2 Qd1+ 0-1

[Event "40th Olympiad Open"]
[Site "Istanbul TUR"]
[Date "2012.09.01"]
[Round "5.21"]
[Board "2"]
[White "Gonzalez Zamora, Juan Carlos"]
[Black "Kawuma, Patrick"]
[Result "1/2-1/2"]
[WhiteTitle "GM"]
[BlackTitle "CM"]
[WhiteElo "2553"]
[BlackElo "2209"]
[WhiteTeam "Mexico"]
[BlackTeam "Uganda"]
[WhiteFideId "3507548"]
[BlackFideId "10000127"]
[EventDate "2012.08.28"]

1. Nf3 Nf6 2. c4 g6 3. Nc3 d5 4. d4 Bg7 5. Bf4 O-O 6. e3 c5 7. dxc5 Qa5 8. Rc1
dxc4 9. Bxc4 Qxc5 10. Bb3 Nc6 11. O-O Qa5 12. Qe2 Nh5 13. Bg5 h6 14. Bh4 g5 15.
Nxg5 hxg5 16. Qxh5 gxh4 17. Nd5 Qd8 18. Rc4 Qd7 19. Rd1 Qf5 20. Qxh4 Qh7 21. Qg3
Bf5 22. Ba4 Rfd8 23. h3 Kf8 24. Nc3 Rxd1+ 25. Bxd1 Qg6 26. Bg4 Bd3 27. Rc5 Rd8
28. Qf3 Ne5 29. Qxb7 Nxg4 30. Rc8 Qd6 31. hxg4 Bxc3 32. Rxd8+ Qxd8 33. bxc3 a6
34. Qc6 Qa5 35. Qd7 Bb5 36. Qd4 Ke8 37. Qc5 Kf8 38. a3 Qa4 39. Qd4 Qxd4 40. cxd4
Ke8 41. e4 Kd7 42. f3 Kc6 43. Kf2 Kb6 44. g5 Ka5 45. d5 Ka4 46. f4 Kxa3 47. f5
Kb4 48. e5 1/2-1/2

[Event "40th Olympiad Open"]
[Site "Istanbul TUR"]
[Date "2012.09.01"]
[Round "5.21"]
[Board "3"]
[White "Emojong, Elijah"]
[Black "Gonzalez Garcia, Jose"]
[Result "0-1"]
[WhiteTitle "FM"]
[BlackTitle "GM"]
[WhiteElo "2147"]
[BlackElo "2532"]
[WhiteTeam "Uganda"]
[BlackTeam "Mexico"]
[WhiteFideId "10000402"]
[BlackFideId "5101174"]
[EventDate "2012.08.28"]

1. e4 c5 2. Nf3 e6 3. d4 cxd4 4. Nxd4 a6 5. c4 Nf6 6. Nc3 Qc7 7. a3 b6 8. Be3
Bb7 9. f3 Be7 10. Rc1 O-O 11. Be2 d6 12. O-O Nbd7 13. Qd2 Rac8 14. Rfd1 Qb8 15.
Kh1 Rfe8 16. b4 Bd8 17. Rc2 h5 18. Bf1 h4 19. Bg5 h3 20. gxh3 Ne5 21. Bf4 Nxc4
22. Bxc4 Rxc4 23. Nce2 Rxc2 24. Nxc2 e5 25. Bg3 d5 26. exd5 Bxd5 27. Qc3 Qb7 28.
Ng1 b5 29. Re1 e4 30. Ne3 Bc6 31. Rc1 Re6 32. Nf5 exf3 33. Nd4 f2+ 34. Ngf3 Ne4
35. Qd3 Nxg3+ 36. Kg2 Bxf3+ 37. Nxf3 Bg5 38. hxg3 Bxc1 39. Kxf2 Be3+ 40. Kg2 Qe4
41. Qd8+ Re8 42. Qd1 Rc8 43. g4 Rc2+ 44. Kg3 Qf4+ 45. Kh4 Bf2+ 0-1

[Event "40th Olympiad Open"]
[Site "Istanbul TUR"]
[Date "2012.09.01"]
[Round "5.21"]
[Board "4"]
[White "Ibarra Chami, Luis Fernando"]
[Black "Bibasa, Bob"]
[Result "1-0"]
[WhiteTitle "IM"]
[BlackTitle "CM"]
[WhiteElo "2481"]
[BlackElo "2213"]
[WhiteTeam "Mexico"]
[BlackTeam "Uganda"]
[WhiteFideId "5105048"]
[BlackFideId "10000240"]
[EventDate "2012.08.28"]

1. c4 Nf6 2. Nc3 e5 3. Nf3 Nc6 4. g3 Bb4 5. Bg2 O-O 6. Nd5 Bd6 7. Nxf6+ Qxf6 8.
d3 Bb4+ 9. Nd2 d6 10. O-O Bxd2 11. Bxd2 Qg6 12. Bc3 Qh6 13. Qd2 Qxd2 14. Bxd2
Bg4 15. f3 Be6 16. f4 f6 17. b4 Rab8 18. b5 Ne7 19. Be3 b6 20. a4 Bc8 21. fxe5
dxe5 22. Rfc1 Bb7 23. Bh3 Bc8 24. Bf1 c5 25. bxc6 Nxc6 26. c5 Bd7 27. cxb6 axb6
28. Rcb1 Nd4 29. Bxd4 exd4 30. Rb4 Ra8 31. Rxd4 Ra7 32. Bg2 Rb8 33. Rb4 Ra5 34.
Rab1 Bxa4 35. Rxb6 Re8 36. Ra1 Rxe2 37. Bc6 Bxc6 38. Rxa5 Rg2+ 39. Kf1 Rc2 40.
d4 Bg2+ 41. Ke1 Bf3 42. d5 Re2+ 43. Kf1 Rxh2 44. d6 Rd2 45. Ra7 h5 46. Rb8+ 1-0

[Event "40th Olympiad Open"]
[Site "Istanbul TUR"]
[Date "2012.09.01"]
[Round "5.22"]
[Board "2"]
[White "Iordachescu, Viorel"]
[Black "Sharavdorj, Dashzegve"]
[Result "1-0"]
[WhiteTitle "GM"]
[BlackTitle "GM"]
[WhiteElo "2645"]
[BlackElo "2446"]
[WhiteTeam "Moldova"]
[BlackTeam "Mongolia"]
[WhiteFideId "13900200"]
[BlackFideId "4900340"]
[EventDate "2012.08.28"]

1. e4 e6 2. d4 d5 3. Nc3 Nf6 4. Bg5 dxe4 5. Nxe4 Be7 6. Bxf6 Bxf6 7. Nf3 Nd7 8.
Bd3 c5 9. Qe2 Qa5+ 10. c3 cxd4 11. Nd6+ Kf8 12. Nc4 Qc5 13. cxd4 Qb4+ 14. Kf1
Nb6 15. a3 Qe7 16. Nce5 Bd7 17. Qe4 Ba4 18. h4 Bb3 19. Ng5 Bxe5 20. dxe5 h6 21.
Nh3 Bd5 22. Qg4 Rc8 23. Nf4 Qc7 24. Re1 Bc4 25. Rh3 Rd8 26. Bxc4 Qxc4+ 27. Kg1
Rd4 28. Rc3 Rxf4 29. Rxc4 Rxc4 30. Re4 Rc1+ 31. Kh2 h5 32. Qf3 Rc6 33. a4 Nd5
34. Qb3 Rb6 35. Qa3+ Kg8 36. Rc4 Kh7 37. Qf3 Rf8 38. Qxh5+ Kg8 39. Qe2 a5 40. g3
Rb3 41. Qc2 Rb4 42. Rxb4 axb4 43. h5 b6 44. Qc6 Kh7 45. f4 Rd8 46. Kh3 g6 47.
hxg6+ Kxg6 48. Kg4 Kg7 49. Kf3 Rh8 50. f5 Rh5 51. fxe6 Rxe5 52. Qd7 Rf5+ 53. Ke4
Kg6 54. Qxd5 1-0

[Event "40th Olympiad Open"]
[Site "Istanbul TUR"]
[Date "2012.09.01"]
[Round "5.22"]
[Board "3"]
[White "Munkhgal, Gombosuren"]
[Black "Svetushkin, Dmitry"]
[Result "0-1"]
[WhiteTitle "FM"]
[BlackTitle "GM"]
[WhiteElo "2394"]
[BlackElo "2569"]
[WhiteTeam "Mongolia"]
[BlackTeam "Moldova"]
[WhiteFideId "4901266"]
[BlackFideId "13900463"]
[EventDate "2012.08.28"]

1. d4 d5 2. c4 c6 3. Nc3 Nf6 4. cxd5 cxd5 5. Bf4 Nc6 6. e3 a6 7. Be2 e6 8. Nf3
Be7 9. h3 O-O 10. O-O Bd7 11. Rc1 Rc8 12. Ne5 Nxe5 13. Bxe5 Qb6 14. Qd2 Bb4 15.
Bd3 Ne4 16. Bxe4 dxe4 17. a3 Bxc3 18. Rxc3 Rxc3 19. Qxc3 Rc8 20. Qd2 f6 21. Bf4
Qc6 22. Rd1 Qc2 23. Qxc2 Rxc2 24. b4 Bc6 25. Bd6 Kf7 26. Ra1 Ba4 27. Bc5 g5 28.
g4 Bb5 29. a4 Be2 30. Kg2 h5 31. gxh5 Bxh5 32. b5 axb5 33. axb5 Kg6 34. b6 e5
35. Rf1 f5 36. Kg3 f4+ 37. exf4 exf4+ 38. Kg2 Bf3+ 39. Kg1 Kf5 40. Re1 g4 41.
hxg4+ Kxg4 42. Bd6 Rc6 43. Bf8 Rf6 44. Bg7 Rf7 45. Kh2 Kf5 46. Rg1 Bg4 47. Rxg4
Kxg4 48. Be5 Kf3 49. Kg1 e3 50. fxe3 fxe3 51. Kf1 Rh7 0-1

[Event "40th Olympiad Open"]
[Site "Istanbul TUR"]
[Date "2012.09.01"]
[Round "5.22"]
[Board "4"]
[White "Vedmediuc, Serghei"]
[Black "Gunbayar, Myagmarsuren"]
[Result "1-0"]
[WhiteTitle "IM"]
[BlackTitle "FM"]
[WhiteElo "2468"]
[BlackElo "2358"]
[WhiteTeam "Moldova"]
[BlackTeam "Mongolia"]
[WhiteFideId "13900790"]
[BlackFideId "4900766"]
[EventDate "2012.08.28"]

1. e4 e5 2. Nf3 Nf6 3. Nxe5 d6 4. Nf3 Nxe4 5. d4 d5 6. Bd3 Bd6 7. O-O O-O 8. Re1
Re8 9. c4 c6 10. Qc2 Nf6 11. Rxe8+ Qxe8 12. Bg5 dxc4 13. Bxc4 Nd5 14. Nc3 Nxc3
15. Re1 Qf8 16. bxc3 Nd7 17. Bc1 Nf6 18. Ng5 Be6 19. Rxe6 fxe6 20. Bxe6+ Kh8 21.
Nf7+ Kg8 22. Nxd6+ Kh8 23. Ba3 Re8 24. Nxe8 1-0

[Event "40th Olympiad Open"]
[Site "Istanbul TUR"]
[Date "2012.09.01"]
[Round "5.23"]
[Board "1"]
[White "Dgebuadze, Alexandre"]
[Black "Amanov, Mesgen"]
[Result "0-1"]
[WhiteTitle "GM"]
[BlackTitle "GM"]
[WhiteElo "2556"]
[BlackElo "2516"]
[WhiteTeam "Belgium"]
[BlackTeam "Turkmenistan"]
[WhiteFideId "203882"]
[BlackFideId "14000652"]
[EventDate "2012.08.28"]

1. c4 Nf6 2. Nc3 e5 3. e3 Nc6 4. a3 Be7 5. Nf3 O-O 6. Be2 d5 7. cxd5 Nxd5 8. Qc2
Be6 9. b4 Nxc3 10. dxc3 Bf6 11. Bb2 Qc8 12. Bd3 g6 13. h4 Bg4 14. Be4 Qe6 15.
Nd2 Rad8 16. f3 Bf5 17. Bxf5 Qxf5 18. Qxf5 gxf5 19. c4 Rd3 20. Ke2 Rfd8 21. Rad1
Bg7 22. Rhe1 e4 23. Bc1 Bc3 24. fxe4 Bxd2 25. Rxd2 fxe4 26. Rxd3 exd3+ 27. Kd2
Ne5 28. Kc3 d2 29. Bxd2 Rd3+ 30. Kc2 Rxa3 31. c5 Ra2+ 32. Kc3 Ra3+ 33. Kd4 f6
34. Bc3 a6 35. Ra1 Nc6+ 36. Kc4 Rxa1 37. Bxa1 Kf7 38. g4 Ke6 39. b5 Ne5+ 40. Kb4
axb5 41. Kxb5 Nxg4 42. Bd4 Kd5 43. Bc3 f5 44. Bd2 Ne5 45. Bc3 Nc4 46. Bf6 c6+
47. Kb4 Nxe3 48. h5 f4 49. Bg5 Ke4 50. Bh4 f3 51. Kc3 f2 0-1

[Event "40th Olympiad Open"]
[Site "Istanbul TUR"]
[Date "2012.09.01"]
[Round "5.23"]
[Board "2"]
[White "Annaberdiev, Meilis"]
[Black "Winants, Luc"]
[Result "1/2-1/2"]
[WhiteTitle "IM"]
[BlackTitle "GM"]
[WhiteElo "2437"]
[BlackElo "2543"]
[WhiteTeam "Turkmenistan"]
[BlackTeam "Belgium"]
[WhiteFideId "14000563"]
[BlackFideId "200018"]
[EventDate "2012.08.28"]

1. e4 e5 2. Nf3 Nc6 3. Bc4 Bc5 4. d3 d6 5. c3 Nf6 6. O-O h6 7. Nbd2 O-O 8. h3 a6
9. Bb3 Be6 10. Re1 Re8 11. Bc2 d5 12. exd5 Bxd5 13. Ne4 Nxe4 14. dxe4 Be6 15.
Qe2 Qf6 16. Ba4 b5 17. Bb3 Ne7 18. Bxe6 Qxe6 19. b4 Bb6 20. a4 bxa4 21. Rxa4 Ng6
22. Bd2 Nf4 23. Bxf4 exf4 24. Qa2 Qxa2 25. Rxa2 c5 26. e5 cxb4 27. cxb4 Rec8 28.
h4 Rc4 29. b5 a5 30. e6 Rc7 31. e7 Re8 32. Rae2 a4 33. Ra1 Rcxe7 34. Rxe7 Rxe7
35. Rxa4 Re2 36. Rxf4 Rxf2 37. Kh2 Bc7 38. Kg1 Rb2 39. Rf5 Bg3 40. Kf1 g6 41.
Rd5 h5 42. Rg5 Bf4 43. Rd5 Bg3 44. Rg5 Bf4 45. Rd5 Be3 46. Re5 Bb6 47. Re2 Rxb5
48. Re8+ Kg7 49. Rb8 Rb2 50. Nd2 Rxd2 51. Rxb6 Kf8 52. Rb7 Ke8 53. g3 Rd7 54.
Rb6 Ke7 55. Ke2 Rd6 56. Rb7+ Ke6 57. Ke3 Rd5 58. Ke4 Rf5 59. Rb6+ Ke7 60. Ra6
Kf8 61. Rb6 Kg7 62. Ra6 Rf6 63. Ra7 Kh6 64. Ra8 g5 65. Rh8+ Kg7 66. Rxh5 gxh4
67. Rxh4 1/2-1/2

[Event "40th Olympiad Open"]
[Site "Istanbul TUR"]
[Date "2012.09.01"]
[Round "5.23"]
[Board "3"]
[White "Michiels, Bart"]
[Black "Atabayev, Yusup"]
[Result "1/2-1/2"]
[WhiteTitle "IM"]
[BlackTitle "FM"]
[WhiteElo "2509"]
[BlackElo "2411"]
[WhiteTeam "Belgium"]
[BlackTeam "Turkmenistan"]
[WhiteFideId "202967"]
[BlackFideId "14001128"]
[EventDate "2012.08.28"]

1. d4 Nf6 2. c4 c5 3. d5 e6 4. Nc3 exd5 5. cxd5 d6 6. g3 g6 7. Bg2 Bg7 8. Nf3
O-O 9. O-O a6 10. a4 Nbd7 11. Nd2 Re8 12. h3 Rb8 13. Nc4 Ne5 14. Na3 Nh5 15. e4
Bd7 16. a5 Qxa5 17. g4 Nf6 18. f4 Nexg4 19. hxg4 Nxg4 20. f5 h5 21. Bg5 c4 22.
f6 Qc5+ 23. Kh1 Bh8 24. e5 Rxe5 25. Ne4 Qa7 26. Nxc4 Rxg5 27. Nxg5 Nf2+ 28. Rxf2
Qxf2 29. Ne4 Qh4+ 30. Kg1 Bxf6 31. Nxf6+ Qxf6 32. Qd2 b5 33. Rf1 Qe7 34. Na5 Re8
35. Nc6 Qh4 36. b4 Qg3 37. Qf2 Qxf2+ 38. Rxf2 Kg7 39. Ra2 h4 40. Rxa6 Re1+ 41.
Kf2 Rb1 42. Ra7 Bf5 43. Nd8 h3 44. Bf3 h2 45. Nxf7 h1=Q 46. Bxh1 Rxh1 47. Nxd6+
Kf6 48. Nxf5 gxf5 49. Rb7 Ke5 50. d6 1/2-1/2

[Event "40th Olympiad Open"]
[Site "Istanbul TUR"]
[Date "2012.09.01"]
[Round "5.23"]
[Board "4"]
[White "Odeev, Handszar"]
[Black "Ringoir, Tanguy"]
[Result "0-1"]
[WhiteTitle "GM"]
[BlackTitle "IM"]
[WhiteElo "2397"]
[BlackElo "2448"]
[WhiteTeam "Turkmenistan"]
[BlackTeam "Belgium"]
[WhiteFideId "14000091"]
[BlackFideId "208027"]
[EventDate "2012.08.28"]

1. e4 e5 2. Nf3 Nc6 3. g3 Nf6 4. d3 d6 5. Bg2 Be7 6. h3 O-O 7. c4 h6 8. Nc3 Nh7
9. O-O Be6 10. Nd5 Qd7 11. Kh2 f5 12. exf5 Bxf5 13. Nxe7+ Nxe7 14. b3 Nf6 15.
Bb2 Bh7 16. Ng1 c6 17. Qd2 Qf5 18. Rad1 Qh5 19. Qe2 Qg6 20. Nf3 Qh5 21. Ng1 Qg6
22. Ba3 Nf5 23. Qd2 Kh8 24. Ne2 Rfe8 25. Nc3 Rad8 26. Ne4 Nh5 27. Qe1 Nd4 28.
Bb2 d5 29. cxd5 cxd5 30. Nc3 Nf6 31. Ne2 Nc6 32. Qd2 d4 33. b4 e4 34. Nf4 Qf5
35. dxe4 Nxe4 36. Bxe4 Rxe4 37. Rfe1 Ne5 38. Kg2 g5 39. Nd3 Qf3+ 40. Kh2 Nxd3
41. Rxe4 Bxe4 0-1

[Event "40th Olympiad Open"]
[Site "Istanbul TUR"]
[Date "2012.09.01"]
[Round "5.24"]
[Board "1"]
[White "Salem, A.R. Saleh"]
[Black "Amin, Bassem"]
[Result "0-1"]
[WhiteTitle "GM"]
[BlackTitle "GM"]
[WhiteElo "2546"]
[BlackElo "2643"]
[WhiteTeam "United Arab Emirates"]
[BlackTeam "Egypt"]
[WhiteFideId "9301348"]
[BlackFideId "10601457"]
[EventDate "2012.08.28"]

1. d4 e6 2. c4 Bb4+ 3. Nc3 f5 4. g3 Nf6 5. Bg2 O-O 6. Nf3 d6 7. O-O Bxc3 8. bxc3
Nc6 9. Nd2 e5 10. c5 e4 11. cxd6 cxd6 12. e3 Be6 13. Qe2 Rc8 14. c4 d5 15. Rd1
Bf7 16. Ba3 Bh5 17. Qe1 Bxd1 18. Bxf8 Bh5 19. Bc5 b6 20. cxd5 Nxd5 21. Ba3 Ncb4
22. Bxb4 Nxb4 23. Qf1 Nd3 24. Nxe4 fxe4 25. Bxe4 Nb4 26. Qh3 Qe8 27. a3 Nc6 28.
Bf5 Rd8 29. Rc1 Bg6 30. Be6+ Kh8 31. Qh4 Qxe6 32. Rxc6 Qxc6 33. Qxd8+ Qe8 34.
Qc7 Qa8 35. d5 Qxd5 36. Qb8+ Qg8 37. Qxa7 Qd8 38. Qa4 h6 39. h4 Qd5 40. Qf4 Be4
41. Qg4 Bf3 42. Qc8+ Kh7 43. Qc2+ Be4 44. Qc1 Qf5 45. Kf1 Bf3 46. Kg1 Qh3 0-1

[Event "40th Olympiad Open"]
[Site "Istanbul TUR"]
[Date "2012.09.01"]
[Round "5.24"]
[Board "3"]
[White "AlHuwar, Jasem"]
[Black "Ezat, Mohamed"]
[Result "1/2-1/2"]
[WhiteTitle "FM"]
[BlackTitle "IM"]
[WhiteElo "2285"]
[BlackElo "2453"]
[WhiteTeam "United Arab Emirates"]
[BlackTeam "Egypt"]
[WhiteFideId "9300465"]
[BlackFideId "10600906"]
[EventDate "2012.08.28"]

1. Nf3 g6 2. d4 Bg7 3. c4 Nf6 4. g3 O-O 5. Bg2 d6 6. O-O Nc6 7. Nc3 Bg4 8. h3
Bxf3 9. Bxf3 Nd7 10. e3 e5 11. dxe5 Ncxe5 12. Bxb7 Rb8 13. Bg2 Nxc4 14. Qc2 Nc5
15. Rb1 Qd7 16. b3 Ne5 17. Ba3 Na6 18. Qe2 Qc8 19. Nd5 Re8 20. Rfc1 c5 21. b4
Nd7 22. Qd3 Nc7 23. bxc5 Rxb1 24. Rxb1 Nxd5 25. Bxd5 dxc5 26. Kg2 Nb6 27. Rc1
Bf8 28. e4 Nxd5 29. exd5 Bd6 30. Bb2 Be5 1/2-1/2

[Event "40th Olympiad Open"]
[Site "Istanbul TUR"]
[Date "2012.09.01"]
[Round "5.24"]
[Board "4"]
[White "Abdel Razik, Khaled"]
[Black "Faisal, Abdulla"]
[Result "1/2-1/2"]
[WhiteTitle "IM"]
[BlackTitle "CM"]
[WhiteElo "2448"]
[BlackElo "2245"]
[WhiteTeam "Egypt"]
[BlackTeam "United Arab Emirates"]
[WhiteFideId "10601104"]
[BlackFideId "9301232"]
[EventDate "2012.08.28"]

1. c4 Nf6 2. Nf3 e6 3. g3 d5 4. Bg2 Be7 5. O-O O-O 6. b3 c5 7. cxd5 Nxd5 8. Bb2
Nc6 9. d4 cxd4 10. Nxd4 Bd7 11. Nd2 Nxd4 12. Bxd4 Bc6 13. Nc4 Nb4 14. Bc3 Bxg2
15. Kxg2 Rc8 16. a4 Qxd1 17. Raxd1 Rfd8 18. Bd4 Nc6 19. Bb2 f6 20. e3 Kf7 21.
Kf3 Bb4 22. Ba3 Bxa3 23. Nxa3 Ne5+ 24. Ke2 Rxd1 25. Rxd1 Rc3 26. Rb1 Ke7 27. h3
Rc8 28. f4 Nd7 29. Rb2 Rc1 30. Rb1 Rxb1 31. Nxb1 Nc5 32. Nd2 Kd6 33. e4 f5 34.
Ke3 g6 35. Kd4 b6 36. g4 a5 37. g5 Ke7 38. e5 Kd7 39. Kc4 Kc6 40. Nf3 Kb7 41.
Nd4 Kc7 42. Kb5 Kb7 43. Kc4 Kc7 44. Kb5 Kb7 45. Kc4 1/2-1/2

[Event "40th Olympiad Open"]
[Site "Istanbul TUR"]
[Date "2012.09.01"]
[Round "5.25"]
[Board "1"]
[White "Smerdon, David"]
[Black "Jere, Daniel"]
[Result "1-0"]
[WhiteTitle "GM"]
[BlackTitle "FM"]
[WhiteElo "2507"]
[BlackElo "2382"]
[WhiteTeam "Australia"]
[BlackTeam "Zambia"]
[WhiteFideId "3202305"]
[BlackFideId "8700249"]
[EventDate "2012.08.28"]

1. e4 e6 2. d4 d5 3. e5 c5 4. c3 Nc6 5. Nf3 Qb6 6. a3 Nh6 7. b4 cxd4 8. Bxh6
gxh6 9. cxd4 Bd7 10. Ra2 Bg7 11. Nc3 O-O 12. Na4 Qd8 13. Nc5 Bc8 14. Bb5 Ne7 15.
O-O a6 16. Be2 b6 17. Nd3 Ng6 18. Qd2 Bd7 19. a4 a5 20. b5 Rc8 21. g3 f6 22.
exf6 Qxf6 23. Nfe5 Qe7 24. f4 Nxe5 25. fxe5 Rxf1+ 26. Kxf1 Qg5 27. Nf4 Bf8 28.
Rc2 Qd8 29. Bg4 Bb4 30. Qc1 Rxc2 31. Qxc2 Qe7 32. Kg2 Qe8 33. Qc7 Bd2 34. Nh5
Bg5 35. Qxb6 Qc8 36. Qc5 Kf7 37. Nf4 Be7 38. Qa7 Ke8 39. b6 Qc2+ 40. Kh3 1-0

[Event "40th Olympiad Open"]
[Site "Istanbul TUR"]
[Date "2012.09.01"]
[Round "5.26"]
[Board "1"]
[White "Amonatov, Farrukh"]
[Black "Elsness, Frode"]
[Result "1-0"]
[WhiteTitle "GM"]
[BlackTitle "IM"]
[WhiteElo "2610"]
[BlackElo "2498"]
[WhiteTeam "Tajikistan"]
[BlackTeam "Norway"]
[WhiteFideId "14700077"]
[BlackFideId "1501100"]
[EventDate "2012.08.28"]

1. e4 e5 2. Nf3 Nc6 3. Bb5 a6 4. Ba4 Nf6 5. O-O Be7 6. Re1 b5 7. Bb3 O-O 8. h3
Bb7 9. d3 d5 10. exd5 Nxd5 11. Nxe5 Nxe5 12. Rxe5 Qd6 13. Re1 Rae8 14. Nd2 c5
15. Ne4 Qc6 16. c4 Nb6 17. cxb5 axb5 18. Qf3 c4 19. dxc4 Bd6 20. cxb5 Rxe4 21.
Rxe4 Qxe4 22. Qxe4 Bxe4 23. Be3 Rb8 24. a4 Kf8 25. Rd1 Nc8 26. b6 Ra8 27. f3 Bc6
28. Bd5 Bxa4 29. b3 Bxb3 30. b7 Bxd5 31. Rxd5 Ra1+ 32. Kf2 Ra2+ 33. Kf1 Ra1+ 34.
Ke2 Ra2+ 35. Kd1 1-0